[Event "BL 9293 Bielefeld-Solingen"]
[Site "?"]
[Date "1992.??.??"]
[Round "?.4"]
[White "Pohl Kuemmel, JU."]
[Black "Reeh, O."]
[Result "0-1"]
[WhiteElo "2300"]
[BlackElo "2455"]
[PlyCount "86"]
[EventDate "1992.??.??"]

1. d4 Nf6 2. Nf3 g6 3. c4 Bg7 4. g3 O-O 5. Bg2 c5 6. Nc3 cxd4 7. Nxd4 Nc6 8.
Nc2 d6 9. O-O Be6 10. b3 Qd7 11. Bb2 Bh3 12. Nd5 Bxg2 13. Kxg2 Nxd5 14. Bxg7
Nf4+ 15. gxf4 Qg4+ 16. Kh1 Kxg7 17. e3 Qh3 18. Rg1 Rad8 19. Nd4 e5 20. Nxc6
bxc6 21. fxe5 dxe5 22. Qe2 e4 23. Rad1 Qf5 24. Rgf1 Rd3 25. Rxd3 exd3 26. Qb2+
f6 27. f3 Rd8 28. Qd2 h5 29. e4 Qe5 30. Qe3 Qa5 31. a4 Rd7 32. f4 d2 33. Rd1
Qd8 34. Kg2 Rd4 35. b4 Qd7 36. Qf2 Rd3 37. Qc5 Rh3 38. e5 Rxh2+ 39. Kg1 Re2 40.
Kf1 Re4 41. exf6+ Kf7 42. Qf2 Qh3+ 43. Kg1 Qg4+ 0-1

[Event "BL 9293 Bielefeld-Solingen"]
[Site "?"]
[Date "1992.??.??"]
[Round "?.5"]
[White "Schaefer, Ma"]
[Black "Meier, V."]
[Result "1/2-1/2"]
[WhiteElo "2435"]
[BlackElo "2310"]
[PlyCount "74"]
[EventDate "1992.??.??"]

1. e4 c5 2. Nf3 e6 3. d4 cxd4 4. Nxd4 a6 5. Nc3 Qc7 6. Bd3 Nc6 7. Be3 Nf6 8.
O-O Ne5 9. h3 Bc5 10. Na4 Ba7 11. c4 d6 12. Rc1 Bd7 13. Nc3 O-O 14. b3 Rfc8 15.
Qd2 Qa5 16. Be2 Ng6 17. Rfd1 Bc5 18. Nd5 Qxd2 19. Nxf6+ gxf6 20. Rxd2 Kf8 21.
g3 Ne5 22. f4 Nc6 23. Kf2 Ke7 24. Nc2 a5 25. a3 Rab8 26. Rb1 Na7 27. b4 axb4
28. axb4 Bxe3+ 29. Nxe3 b5 30. Rbd1 bxc4 31. Nxc4 Rxb4 32. Nxd6 Rc7 33. Bf3 Ba4
34. Ra1 Nc8 35. Nxc8+ Rxc8 36. Raa2 Bb5 37. Rab2 Rxb2 1/2-1/2

[Event "BL 9293 Bielefeld-Solingen"]
[Site "?"]
[Date "1992.??.??"]
[Round "?.6"]
[White "Lingnau, C."]
[Black "Thesing, M."]
[Result "1-0"]
[WhiteElo "2340"]
[BlackElo "2410"]
[PlyCount "81"]
[EventDate "1992.??.??"]

1. d4 Nf6 2. c4 e6 3. Nf3 d5 4. g3 dxc4 5. Bg2 a6 6. O-O b5 7. Ne5 c6 8. b3
cxb3 9. Nxc6 Qb6 10. Na5 Ra7 11. Nxb3 Bb7 12. d5 Qc7 13. Be3 Ra8 14. dxe6 fxe6
15. Bxb7 Qxb7 16. Nd4 Kf7 17. Qb3 Qd5 18. Nc3 Qxb3 19. axb3 b4 20. Ncb5 Nd5 21.
Rfc1 Be7 22. Nc7 Nxc7 23. Rxc7 Rd8 24. Rxe7+ Kxe7 25. Bg5+ Kd7 26. Bxd8 e5 27.
Nc2 Kxd8 28. Nxb4 a5 29. Ra4 Ra7 30. Nd3 Nc6 31. Re4 Re7 32. b4 axb4 33. Nxb4
Nxb4 34. Rxb4 Ra7 35. Rb5 Re7 36. f3 Kc7 37. Rd5 Kc6 38. Rd8 Kc7 39. Rd1 Re6
40. Kf2 Ra6 41. Rd5 1-0

[Event "BL 9293 Bielefeld-Solingen"]
[Site "?"]
[Date "1992.??.??"]
[Round "?.7"]
[White "Beckemeyer, W."]
[Black "Geveke, M."]
[Result "1/2-1/2"]
[WhiteElo "2390"]
[BlackElo "2320"]
[PlyCount "56"]
[EventDate "1992.??.??"]

1. Nf3 g6 2. e4 Bg7 3. d4 d6 4. Nc3 Bg4 5. Bc4 e6 6. Be3 a6 7. h3 Bxf3 8. Qxf3
Nc6 9. O-O-O Nge7 10. h4 h5 11. Bb3 Qd7 12. a3 Rf8 13. Qe2 O-O-O 14. Ba4 d5 15.
Bg5 f6 16. Bf4 Kb8 17. Rhe1 Rde8 18. Kb1 Nc8 19. Bb3 Na5 20. Ba2 Nb6 21. Qf3 g5
22. Bc1 g4 23. Qd3 f5 24. exf5 Rxf5 25. Re2 Nc6 26. Be3 Bf6 27. g3 Qg7 28. Red2
Rf3 1/2-1/2

[Event "BL 9293 Kirchheim-Dresden"]
[Site "?"]
[Date "1992.??.??"]
[Round "?.1"]
[White "Bologan, V."]
[Black "Haba, P."]
[Result "1-0"]
[WhiteElo "2555"]
[BlackElo "2505"]
[PlyCount "79"]
[EventDate "1992.??.??"]

1. e4 c6 2. d4 d5 3. e5 Bf5 4. Nf3 e6 5. Be2 Ne7 6. O-O c5 7. c4 Nbc6 8. dxc5
d4 9. Qa4 Ng6 10. b4 a5 11. b5 Nb4 12. b6+ Nc6 13. Ba3 Be7 14. Rd1 O-O 15. Nc3
Nf4 16. g3 Qe8 17. gxf4 dxc3 18. Rac1 c2 19. Rxc2 Bxc2 20. Qxc2 Nb4 21. Qe4
Bxc5 22. Ng5 g6 23. Qxb7 Rb8 24. Qf3 Qe7 25. Ne4 Rfd8 26. Rxd8+ Rxd8 27. Bxb4
axb4 28. Nf6+ Kg7 29. Qc6 Rd2 30. b7 Ba7 31. Qc8 Qd8 32. c5 g5 33. Qxd8 Rxd8
34. c6 Bb8 35. Nd7 Bc7 36. fxg5 Kg6 37. Nc5 Bxe5 38. Na6 Rd2 39. c7 Bxc7 40.
Nxc7 1-0

[Event "BL 9293 Kirchheim-Dresden"]
[Site "?"]
[Date "1992.??.??"]
[Round "?.2"]
[White "Gschnitzer, O."]
[Black "Uhlmann, W."]
[Result "1/2-1/2"]
[WhiteElo "2475"]
[BlackElo "2480"]
[PlyCount "87"]
[EventDate "1992.??.??"]

1. Nf3 Nf6 2. c4 g6 3. Nc3 Bg7 4. e4 d6 5. d4 O-O 6. h3 e5 7. d5 Nh5 8. Nh2 a5
9. g3 Na6 10. Be2 Nc5 11. Bxh5 gxh5 12. g4 hxg4 13. hxg4 c6 14. Qf3 Qh4 15. Bd2
b5 16. cxb5 cxb5 17. Nxb5 f5 18. gxf5 Nxe4 19. Nf1 Nxd2 20. Nxd2 Qb4 21. Qb3
Bxf5 22. Qxb4 axb4 23. Nxd6 Bg6 24. N6c4 Rf4 25. a4 bxa3 26. Rxa3 Rd8 27. d6
Bf8 28. Nxe5 Rxd6 29. Nxg6 hxg6 30. Re3 Rfd4 31. Nf1 Rd1+ 32. Ke2 Rb1 33. Ng3
Rxb2+ 34. Kf1 Bg7 35. Ne4 Re6 36. Kg2 Bd4 37. Ree1 Rb8 38. Kg3 Re5 39. Re2 Kg7
40. Rhe1 Bb6 41. Kg2 Ba5 42. Ra1 Bc7 43. Ra7 Re7 44. Ng3 1/2-1/2

[Event "BL 9293 Kirchheim-Dresden"]
[Site "?"]
[Date "1992.??.??"]
[Round "?.3"]
[White "Dobrovolsky, L."]
[Black "Graf, Ju"]
[Result "1/2-1/2"]
[WhiteElo "2390"]
[BlackElo "2445"]
[PlyCount "40"]
[EventDate "1992.??.??"]

1. e4 Nf6 2. Nc3 d5 3. e5 Nfd7 4. Nxd5 Nxe5 5. Ne3 c5 6. Nf3 Nxf3+ 7. Qxf3 Nc6
8. Qd5 Qxd5 9. Nxd5 Kd8 10. c3 e5 11. Be2 Be6 12. Bf3 Kd7 13. O-O Rd8 14. Re1
Kc8 15. Ne3 f5 16. Bxc6 bxc6 17. b3 e4 18. Nf1 c4 19. Ne3 cxb3 20. axb3 Bc5
1/2-1/2

[Event "BL 9293 Kirchheim-Dresden"]
[Site "?"]
[Date "1992.??.??"]
[Round "?.4"]
[White "Vokac, M."]
[Black "Kaminski, U."]
[Result "1-0"]
[WhiteElo "2395"]
[BlackElo "2400"]
[PlyCount "51"]
[EventDate "1992.??.??"]

1. d4 Nf6 2. c4 g6 3. Nc3 Bg7 4. e4 d6 5. f4 O-O 6. Nf3 c5 7. dxc5 Qa5 8. Bd3
Qxc5 9. Qe2 Bg4 10. Be3 Qa5 11. O-O Nc6 12. Rac1 Nd7 13. Qf2 Bxf3 14. gxf3 Nc5
15. Bb1 Rac8 16. Rfd1 a6 17. Kh1 Rfe8 18. a3 Nb3 19. Rd5 Qc7 20. Rcd1 Nc5 21.
e5 Ne6 22. f5 gxf5 23. Bb6 Qd7 24. Bxf5 Nxe5 25. Rxe5 Bxe5 26. Rg1+ 1-0

[Event "BL 9293 Kirchheim-Dresden"]
[Site "?"]
[Date "1992.??.??"]
[Round "?.5"]
[White "Borriss, M."]
[Black "Biebinger, G."]
[Result "1-0"]
[WhiteElo "2375"]
[BlackElo "2350"]
[PlyCount "75"]
[EventDate "1992.??.??"]

1. e4 e6 2. d4 d5 3. Nc3 Bb4 4. e5 b6 5. a3 Bf8 6. Bb5+ c6 7. Ba4 Bd7 8. Bb3
Ne7 9. Nf3 c5 10. Ne2 c4 11. Ba2 Nbc6 12. O-O b5 13. Nf4 Nc8 14. Nh5 Nb6 15.
Qd2 Qe7 16. b3 h6 17. a4 b4 18. bxc4 dxc4 19. Qe2 Na5 20. Nd2 Qh4 21. c3 bxc3
22. Ne4 Bc6 23. Nxc3 Qxd4 24. Nb5 Qxa1 25. Bf4 Qxf1+ 26. Kxf1 Bxb5 27. axb5 Rc8
28. Qg4 Nd5 29. Nxg7+ Bxg7 30. Qxg7 Ke7 31. Qg3 Nxf4 32. Qxf4 Ke8 33. Ke2 Rg8
34. g3 c3 35. Kd1 Rg5 36. Qb4 Rxe5 37. Qxa5 Rd5+ 38. Bxd5 1-0

[Event "BL 9293 Kirchheim-Dresden"]
[Site "?"]
[Date "1992.??.??"]
[Round "?.6"]
[White "Mueller, O."]
[Black "Goldberg, A."]
[Result "0-1"]
[WhiteElo "2345"]
[BlackElo "2365"]
[PlyCount "60"]
[EventDate "1992.??.??"]

1. d4 Nf6 2. c4 e6 3. Nf3 b6 4. g3 Bb7 5. Bg2 Be7 6. Nc3 Ne4 7. Bd2 Bf6 8. Qc2
Nd6 9. Qd3 Nc6 10. c5 Nb4 11. Qb1 Nc4 12. Ne4 Nxd2 13. Kxd2 bxc5 14. Nxc5 Bxf3
15. Bxf3 Bxd4 16. Bxa8 Bxc5 17. Bb7 c6 18. a3 Nd5 19. e4 Nf6 20. Qd3 Qb6 21. b4
Bxf2 22. Rhf1 Ng4 23. Ba6 O-O 24. Qe2 Be3+ 25. Kc2 Ne5 26. Kb3 c5 27. Qb5 c4+
28. Ka4 Qc7 29. Rfe1 Rb8 30. Qa5 Bb6 0-1

[Event "BL 9293 Kirchheim-Dresden"]
[Site "?"]
[Date "1992.??.??"]
[Round "?.7"]
[White "Heinatz, T."]
[Black "Vonthron, H."]
[Result "1/2-1/2"]
[WhiteElo "2355"]
[BlackElo "2370"]
[PlyCount "144"]
[EventDate "1992.??.??"]

1. e4 c5 2. Nf3 d6 3. d4 cxd4 4. Nxd4 Nf6 5. Nc3 a6 6. Bc4 e6 7. Bb3 b5 8. O-O
Be7 9. Qf3 Qb6 10. Be3 Qb7 11. Qg3 O-O 12. Bh6 Ne8 13. Rfe1 Kh8 14. Bg5 Bxg5
15. Qxg5 h6 16. Qd2 Bd7 17. a4 bxa4 18. Bxa4 Bxa4 19. Rxa4 Nc6 20. Nb3 Rd8 21.
Rea1 Nc7 22. h3 Ne5 23. Rd4 Kg8 24. Na5 Qb6 25. Na4 Qb5 26. c4 Qd7 27. Nb6 Qe7
28. f4 Rb8 29. fxe5 dxe5 30. Rd6 Ne8 31. Rc6 f5 32. Qd7 Qg5 33. Qxe6+ Kh8 34.
Kh1 fxe4 35. Qg4 Qd2 36. Qxe4 Qxb2 37. Rb1 Qa2 38. Nb3 Nf6 39. Qe1 Rfd8 40. Qc1
Ne4 41. Rb2 Rd1+ 42. Qxd1 Qxb2 43. Qf3 Ng5 44. Qe3 a5 45. Nd2 a4 46. Nxa4 Qc1+
47. Kh2 Rd8 48. Qxe5 Qxd2 49. Qf5 Re8 50. Nb6 Qd8 51. Qf4 Rf8 52. Qd6 Qe8 53.
Qxf8+ Qxf8 54. Rc8 Qxc8 55. Nxc8 Ne4 56. Ne7 g5 57. Nf5 Kh7 58. Ng3 Nc5 59. Kg1
Kg6 60. Kf2 Kf6 61. Kf3 Ke5 62. Ke3 Ne6 63. Ne2 Ng7 64. g4 h5 65. Nc1 hxg4 66.
hxg4 Ne8 67. Nd3+ Ke6 68. Kd4 Nf6 69. Nf2 Ng8 70. c5 Nh6 71. Ke4 Nf7 72. Nd3
Nh6 1/2-1/2

[Event "BL 9293 Kirchheim-Dresden"]
[Site "?"]
[Date "1992.??.??"]
[Round "?.8"]
[White "Messmer, M."]
[Black "Andresen, S."]
[Result "0-1"]
[WhiteElo "2340"]
[BlackElo "2340"]
[PlyCount "104"]
[EventDate "1992.??.??"]

1. Nf3 Nf6 2. c4 b6 3. g3 Bb7 4. Bg2 e6 5. O-O Be7 6. Nc3 O-O 7. d4 Ne4 8. Nxe4
Bxe4 9. Ne1 Bxg2 10. Kxg2 d5 11. Qb3 Nc6 12. Qe3 dxc4 13. Nf3 Bf6 14. Rd1 Qd6
15. Qe4 Rad8 16. Qg4 Qe7 17. Be3 Nb4 18. Ne5 c5 19. Nxc4 cxd4 20. Bc1 Qc5 21.
Nd2 Qf5 22. Qxf5 exf5 23. Nf3 Rfe8 24. Kf1 d3 25. exd3 Rxd3 26. Rxd3 Nxd3 27.
Rb1 Rc8 28. Bg5 Rc2 29. Bxf6 gxf6 30. Nh4 f4 31. Rd1 Nxf2 32. Rd8+ Kg7 33. gxf4
Rxb2 34. Nf5+ Kg6 35. Ne7+ Kh5 36. Rg8 Ng4 37. h3 Ne3+ 38. Ke1 Ng2+ 39. Kd1
Nxf4 40. Nf5 Rb5 41. Ng3+ Kh4 42. Ne4 Nxh3 43. Nxf6 Ng5 44. Kc2 Rf5 45. Nd7 Rd5
46. Nb8 f5 47. Rg7 f4 48. Rxa7 f3 49. Ra4+ Kg3 50. Rb4 f2 51. Rb1 Nf3 52. Nc6
Ne1+ 0-1

[Event "BL 9293 Sindelfingen-Erfurt"]
[Site "?"]
[Date "1992.??.??"]
[Round "?.1"]
[White "Kuczynski, R."]
[Black "Luther, T."]
[Result "1-0"]
[WhiteElo "2525"]
[BlackElo "2435"]
[PlyCount "121"]
[EventDate "1992.??.??"]

1. e4 e6 2. d4 d5 3. Nc3 Nf6 4. e5 Nfd7 5. f4 c5 6. Nf3 Nc6 7. Be3 cxd4 8. Nxd4
Bc5 9. Qd2 O-O 10. O-O-O a6 11. h4 Nxd4 12. Bxd4 b5 13. Qe3 Qc7 14. Bd3 b4 15.
Ne2 a5 16. Kb1 Ba6 17. Rc1 Rfc8 18. g4 Bxd4 19. Qxd4 Qc5 20. Rhd1 Qxd4 21. Nxd4
h6 22. g5 hxg5 23. hxg5 g6 24. Bxa6 Rxa6 25. Nb5 Rc4 26. Rf1 Rac6 27. Nd6 Rd4
28. Rcd1 Rxd1+ 29. Rxd1 Nb6 30. Rd4 Kf8 31. b3 Rc7 32. Rd3 Nc8 33. Rh3 Nxd6 34.
exd6 Rd7 35. Rh8+ Kg7 36. Ra8 Rxd6 37. Rxa5 d4 38. Re5 d3 39. cxd3 Rxd3 40. Re4
e5 41. fxe5 Rg3 42. Rxb4 Rxg5 43. Re4 Rg1+ 44. Kb2 Rg2+ 45. Ka3 g5 46. b4 Kg6
47. b5 Kf5 48. Rb4 Rh2 49. b6 Rh8 50. b7 Rb8 51. Ka4 Kxe5 52. Ka5 f5 53. Kb6 g4
54. a4 g3 55. a5 g2 56. Rb1 f4 57. a6 f3 58. a7 Rxb7+ 59. Kxb7 f2 60. a8=Q f1=Q
61. Qa1+ 1-0

[Event "BL 9293 Sindelfingen-Erfurt"]
[Site "?"]
[Date "1992.??.??"]
[Round "?.2"]
[White "Krasenkov, M."]
[Black "Casper, T."]
[Result "1/2-1/2"]
[WhiteElo "2555"]
[BlackElo "2425"]
[PlyCount "102"]
[EventDate "1992.??.??"]

1. d4 Nf6 2. c4 d6 3. Nc3 Nbd7 4. e4 e5 5. Nf3 g6 6. Be2 Bg7 7. O-O O-O 8. Qc2
c6 9. d5 c5 10. a3 a5 11. Bd2 a4 12. Bd3 Nb6 13. b4 axb3 14. Qxb3 Ra6 15. a4
Nbd7 16. a5 Kh8 17. Na4 Ng8 18. Rfb1 Bh6 19. Bc3 Bg7 20. Qc2 Nh6 21. Bd2 Ng8
22. Ra3 b6 23. axb6 Nxb6 24. Nxb6 Rxb6 25. Rxb6 Qxb6 26. Qa2 Nf6 27. Rb3 Qc7
28. Qa5 Qxa5 29. Bxa5 Bg4 30. Bc7 Ne8 31. Bb8 Bf6 32. Nd2 Kg7 33. Nb1 Be7 34.
Nc3 f5 35. f3 fxe4 36. Nxe4 Bf5 37. Rb7 Rf7 38. Bc2 h5 39. Ba4 Bf8 40. Rxf7+
Kxf7 41. Bxe8+ Kxe8 42. Nxd6+ Bxd6 43. Bxd6 Bd3 44. Bxe5 Bxc4 45. d6 Kd7 46.
Kf2 Ke6 47. Ke3 Bf1 48. g4 Bb5 49. Bg3 Bc6 50. h3 c4 51. gxh5 gxh5 1/2-1/2

[Event "BL 9293 Sindelfingen-Erfurt"]
[Site "?"]
[Date "1992.??.??"]
[Round "?.3"]
[White "Jasnikowski, Z."]
[Black "Gabriel, C."]
[Result "1/2-1/2"]
[WhiteElo "2455"]
[BlackElo "2490"]
[PlyCount "54"]
[EventDate "1992.??.??"]

1. d4 d5 2. c4 e6 3. Nf3 Nf6 4. Nc3 Nbd7 5. Bg5 Bb4 6. cxd5 exd5 7. e3 c5 8.
Bd3 Qa5 9. Qe2 c4 10. Bf5 O-O 11. O-O Re8 12. Nd2 g6 13. Bxd7 Nxd7 14. Bh4 Nb6
15. e4 Bxc3 16. bxc3 dxe4 17. Nxe4 Nd5 18. Nf6+ Nxf6 19. Bxf6 Bf5 20. Qd2 Re6
21. Bh4 Qd5 22. Rfe1 Rae8 23. f3 Kg7 24. Rxe6 Rxe6 25. Re1 Bd3 26. Rxe6 Qxe6
27. Qe1 Qxe1+ 1/2-1/2

[Event "BL 9293 Sindelfingen-Erfurt"]
[Site "?"]
[Date "1992.??.??"]
[Round "?.4"]
[White "Fahnenschmidt, G."]
[Black "Mueller, Mat"]
[Result "1/2-1/2"]
[WhiteElo "2370"]
[BlackElo "2395"]
[PlyCount "35"]
[EventDate "1992.??.??"]

1. d4 d5 2. c4 e6 3. Nc3 Nf6 4. Bg5 Be7 5. e3 O-O 6. Nf3 h6 7. Bxf6 Bxf6 8. Rc1
c6 9. Bd3 Nd7 10. O-O dxc4 11. Bxc4 e5 12. dxe5 Nxe5 13. Nxe5 Qxd1 14. Rfxd1
Bxe5 15. Rd2 Bf5 16. Rcd1 Bf6 17. h3 h5 18. Bd3 1/2-1/2

[Event "BL 9293 Sindelfingen-Erfurt"]
[Site "?"]
[Date "1992.??.??"]
[Round "?.5"]
[White "Maiwald, JU."]
[Black "Mohr, S."]
[Result "1-0"]
[WhiteElo "2375"]
[BlackElo "2440"]
[PlyCount "59"]
[EventDate "1992.??.??"]

1. d4 d6 2. c4 e5 3. Nf3 e4 4. Ng5 f5 5. Nc3 c6 6. Nh3 Be7 7. Nf4 Nf6 8. h4 Na6
9. e3 Nc7 10. d5 O-O 11. Be2 cxd5 12. cxd5 Nd7 13. g3 Bf6 14. Bd2 Be5 15. Rc1
Nf6 16. Qb3 Rb8 17. a4 Bd7 18. Qa3 Kh8 19. Bc4 b5 20. axb5 Bxb5 21. b3 a6 22.
O-O Qe7 23. Rfd1 Ng4 24. Nce2 Bxc4 25. Rxc4 Qf7 26. Qa5 Na8 27. Ne6 Rfe8 28.
Qxa6 Rxb3 29. Bb4 Nb6 30. Qxb6 1-0

[Event "BL 9293 Sindelfingen-Erfurt"]
[Site "?"]
[Date "1992.??.??"]
[Round "?.6"]
[White "Kraut, R."]
[Black "Schwarz, M."]
[Result "1-0"]
[WhiteElo "2425"]
[BlackElo "2380"]
[PlyCount "41"]
[EventDate "1992.??.??"]

1. e4 c6 2. d4 d5 3. exd5 cxd5 4. c4 Nf6 5. Nc3 g6 6. cxd5 Bg7 7. Bc4 O-O 8.
Nge2 Nbd7 9. Bb3 Nb6 10. Nf4 Bg4 11. f3 Bf5 12. g4 Bc8 13. h4 Qd6 14. Qe2 Qb4
15. h5 g5 16. h6 gxf4 17. hxg7 Re8 18. Bd2 Qxd4 19. O-O-O e5 20. Qh2 Kxg7 21.
Qh6+ 1-0

[Event "BL 9293 Sindelfingen-Erfurt"]
[Site "?"]
[Date "1992.??.??"]
[Round "?.8"]
[White "Werner, Marc"]
[Black "Voekler, B."]
[Result "1/2-1/2"]
[WhiteElo "2355"]
[BlackElo "2300"]
[PlyCount "43"]
[EventDate "1992.??.??"]

1. e4 c5 2. Nf3 d6 3. d4 cxd4 4. Nxd4 Nf6 5. Nc3 a6 6. Be3 e6 7. f3 b5 8. g4
Nfd7 9. Bg2 Nb6 10. Bf2 Bb7 11. O-O N8d7 12. a4 bxa4 13. Nxa4 Be7 14. Nxb6 Nxb6
15. Nb3 O-O 16. Na5 Qc7 17. Nxb7 Qxb7 18. Qd4 Rfb8 19. Ra2 Qc7 20. b3 Nd7 21.
Rd1 Ne5 22. Qd2 1/2-1/2

[Event "BL 9293 Dresden-Sindelfingen"]
[Site "?"]
[Date "1992.??.??"]
[Round "?.1"]
[White "Luther, T."]
[Black "Bologan, V."]
[Result "1/2-1/2"]
[WhiteElo "2435"]
[BlackElo "2555"]
[PlyCount "36"]
[EventDate "1992.??.??"]

1. e4 c5 2. Nf3 d6 3. d4 cxd4 4. Nxd4 Nf6 5. Nc3 Nc6 6. Bg5 e6 7. Qd2 a6 8.
O-O-O h6 9. Bf4 Bd7 10. Nxc6 Bxc6 11. f3 d5 12. Qe1 Bb4 13. a3 Ba5 14. Bd2 Qe7
15. exd5 Nxd5 16. Nxd5 Bxd2+ 17. Rxd2 Bxd5 18. Bd3 O-O 1/2-1/2

[Event "BL 9293 Dresden-Sindelfingen"]
[Site "?"]
[Date "1992.??.??"]
[Round "?.2"]
[White "Uhlmann, W."]
[Black "Krasenkov, M."]
[Result "1/2-1/2"]
[WhiteElo "2480"]
[BlackElo "2555"]
[PlyCount "57"]
[EventDate "1992.??.??"]

1. c4 e5 2. Nc3 Nf6 3. Nf3 Nc6 4. g3 Bb4 5. Bg2 O-O 6. O-O Bxc3 7. bxc3 Re8 8.
d3 e4 9. Nd4 exd3 10. exd3 Nxd4 11. cxd4 d6 12. Rb1 Rb8 13. Qa4 Bg4 14. Rxb7
Rxb7 15. Bxb7 Be2 16. Re1 Bxd3 17. Be3 Ng4 18. Bc6 Rf8 19. f3 Nxe3 20. Rxe3 Bf5
21. Qxa7 Qf6 22. h4 Be6 23. Bd5 Qg6 24. Kf2 Bxd5 25. cxd5 Qc2+ 26. Re2 Qc4 27.
Qb7 Qxd4+ 28. Kg2 Qc4 29. Rb2 1/2-1/2

[Event "BL 9293 Dresden-Sindelfingen"]
[Site "?"]
[Date "1992.??.??"]
[Round "?.3"]
[White "Gabriel, C."]
[Black "Dobrovolsky, L."]
[Result "1-0"]
[WhiteElo "2490"]
[BlackElo "2390"]
[PlyCount "125"]
[EventDate "1992.??.??"]

1. c4 e6 2. Nc3 f5 3. g3 Nf6 4. Bg2 Be7 5. Nf3 O-O 6. O-O d5 7. d4 c6 8. Bg5
Qe8 9. e3 Nbd7 10. Qd3 h6 11. Bxf6 Nxf6 12. Rab1 Qh5 13. b4 Bd7 14. Ne5 Ng4 15.
Nxg4 fxg4 16. e4 Kh8 17. exd5 exd5 18. cxd5 Bf5 19. Be4 Bxe4 20. Qxe4 Rae8 21.
dxc6 Bxb4 22. Qc2 Bxc3 23. Qxc3 bxc6 24. Qxc6 Re2 25. Qd6 Qe8 26. a3 Kh7 27.
Qc5 Rf7 28. d5 Qe5 29. Rbd1 h5 30. Qc4 Qb2 31. Qc5 Qe5 32. Qd4 Rd7 33. d6 Re4
34. Qd5 Kg6 35. Qc6 Qe6 36. Rd5 Re1 37. Qc2+ Qe4 38. Qxe4+ Rxe4 39. Rc1 Re6 40.
Rcc5 Rdxd6 41. Rxh5 Re4 42. Ra5 a6 43. Rhf5 Rdd4 44. Rfc5 Rd6 45. Rf5 Rdd4 46.
Kg2 Ra4 47. Rfc5 Kh7 48. h3 gxh3+ 49. Kxh3 g6 50. f4 Kh6 51. Kh4 Red4 52. Re5
Rdc4 53. Rad5 Rd4 54. Rxd4 Rxd4 55. Ra5 Rd6 56. a4 Rc6 57. Rd5 Rc4 58. Ra5 Rc6
59. g4 Rb6 60. g5+ Kg7 61. Kg4 Kf7 62. Rc5 Rb4 63. Rc7+ 1-0

[Event "BL 9293 Dresden-Sindelfingen"]
[Site "?"]
[Date "1992.??.??"]
[Round "?.4"]
[White "Kaminski, U."]
[Black "Fahnenschmidt, G."]
[Result "1/2-1/2"]
[WhiteElo "2400"]
[BlackElo "2370"]
[PlyCount "42"]
[EventDate "1992.??.??"]

1. e4 c5 2. Nf3 d6 3. d4 cxd4 4. Nxd4 Nf6 5. Nc3 e6 6. g4 h6 7. h4 a6 8. Rg1 d5
9. exd5 Nxd5 10. Nxd5 Qxd5 11. Bg2 Qc4 12. Bf1 Qc7 13. Be3 Bd7 14. Qd2 Nc6 15.
O-O-O O-O-O 16. Nxc6 Bxc6 17. Qxd8+ Qxd8 18. Rxd8+ Kxd8 19. Bd4 Rg8 20. Bg2
Bxg2 21. Rxg2 Bd6 1/2-1/2

[Event "BL 9293 Dresden-Sindelfingen"]
[Site "?"]
[Date "1992.??.??"]
[Round "?.5"]
[White "Mohr, S."]
[Black "Borriss, M."]
[Result "1-0"]
[WhiteElo "2440"]
[BlackElo "2375"]
[PlyCount "121"]
[EventDate "1992.??.??"]

1. d4 Nf6 2. c4 g6 3. Nc3 Bg7 4. e4 d6 5. Be2 O-O 6. Bg5 h6 7. Be3 Nbd7 8. f3
c5 9. d5 a6 10. a4 Ne5 11. f4 Neg4 12. Bd2 h5 13. h3 Nh6 14. Nf3 e6 15. dxe6
Bxe6 16. O-O Nh7 17. Ng5 Qd7 18. Nxh7 Kxh7 19. f5 gxf5 20. Bd3 Bd4+ 21. Kh1 f6
22. Qxh5 Qg7 23. exf5 Bf7 24. Qf3 Rh8 25. Ne2 Ng4 26. Nxd4 Ne5 27. Qe4 cxd4 28.
Bf4 Rag8 29. Bxe5 dxe5 30. b4 a5 31. b5 b6 32. Rac1 Rc8 33. Rc2 Rc7 34. Qe2 Qg5
35. g4 Kg7 36. Kg2 Rc5 37. Qf3 Rhc8 38. Rfc1 R8c7 39. Qg3 e4 40. Bxe4 Bxc4 41.
h4 Qe3 42. Qxe3 dxe3 43. Kf3 e2 44. Kf2 Rd7 45. Bf3 Rd4 46. Bxe2 Bxe2 47. Rxc5
bxc5 48. Kxe2 Rxg4 49. Rb1 Rxa4 50. b6 Re4+ 51. Kd3 Rd4+ 52. Kc3 Rd8 53. Kc4
Kh6 54. b7 Rb8 55. Kxc5 Kh5 56. Kb6 Kg4 57. Rb5 a4 58. Ra5 Kxh4 59. Rxa4+ Kg5
60. Ra5 Rh8 61. Ka7 1-0

[Event "BL 9293 Dresden-Sindelfingen"]
[Site "?"]
[Date "1992.??.??"]
[Round "?.6"]
[White "Goldberg, A."]
[Black "Kraut, R."]
[Result "0-1"]
[WhiteElo "2365"]
[BlackElo "2425"]
[PlyCount "72"]
[EventDate "1992.??.??"]

1. e4 c5 2. Nf3 d6 3. d4 cxd4 4. Nxd4 Nf6 5. Nc3 Nc6 6. Bg5 e6 7. Qd2 a6 8.
O-O-O Bd7 9. f4 b5 10. a3 Be7 11. Kb1 Rc8 12. Nf3 h6 13. Bh4 b4 14. axb4 Nxb4
15. e5 dxe5 16. Nxe5 Bc6 17. Qxd8+ Bxd8 18. Nxc6 Rxc6 19. Be2 O-O 20. Rd4 Be7
21. Bxf6 gxf6 22. Rd7 Re8 23. f5 Rc5 24. fxe6 fxe6 25. Bf3 Kf8 26. Rb7 Rcc8 27.
Re1 e5 28. Re4 Rb8 29. Rxb8 Rxb8 30. Rh4 Kg7 31. Be4 f5 32. Rh5 fxe4 33. Nxe4
Rd8 34. b3 Rd5 35. Kb2 Rd1 36. Rxe5 Kf8 0-1

[Event "BL 9293 Dresden-Sindelfingen"]
[Site "?"]
[Date "1992.??.??"]
[Round "?.7"]
[White "Werner, Marc"]
[Black "Andresen, S."]
[Result "0-1"]
[WhiteElo "2355"]
[BlackElo "2340"]
[PlyCount "78"]
[EventDate "1992.??.??"]

1. e4 c5 2. Nf3 Nc6 3. d4 cxd4 4. Nxd4 Nf6 5. Nc3 d6 6. Bg5 e6 7. Qd2 a6 8.
O-O-O h6 9. Be3 Be7 10. f4 Bd7 11. Be2 b5 12. Bf3 Rc8 13. Nb3 Na5 14. Nxa5 Qxa5
15. Kb1 b4 16. Ne2 e5 17. Nc1 Bc6 18. Qd3 Qc7 19. Rhe1 a5 20. Ne2 Qb7 21. Ng3
g6 22. f5 g5 23. h3 a4 24. Bc1 Bb5 25. Qd2 b3 26. cxb3 axb3 27. axb3 h5 28. h4
g4 29. Be2 Bc6 30. Bd3 Qxb3 31. Qe2 Ra8 32. Bc4 Qxg3 33. Bb5 Bxb5 34. Qxb5+ Nd7
35. f6 Bf8 36. Qc6 Rd8 37. Rxd6 Bxd6 38. Qxd6 Nxf6 39. Qxf6 Qd3+ 0-1

[Event "BL 9293 Dresden-Sindelfingen"]
[Site "?"]
[Date "1992.??.??"]
[Round "?.8"]
[White "Wegener, D."]
[Black "Gerstner, W."]
[Result "1/2-1/2"]
[WhiteElo "2310"]
[BlackElo "2375"]
[PlyCount "111"]
[EventDate "1992.??.??"]

1. e4 c5 2. Nf3 e6 3. d4 cxd4 4. Nxd4 a6 5. Bd3 Nf6 6. O-O Qc7 7. c4 Nc6 8. Be3
Bd6 9. Nxc6 Bxh2+ 10. Kh1 bxc6 11. g3 Bxg3 12. fxg3 Qxg3 13. Qf3 Qh4+ 14. Kg2
Rb8 15. b3 d6 16. Nd2 e5 17. Rh1 Qg4+ 18. Qxg4 Nxg4 19. Rae1 Ke7 20. Nf3 c5 21.
Bg5+ f6 22. Bc1 Bd7 23. Nh4 g6 24. Kg3 Rhg8 25. Be2 h5 26. Rd1 Be6 27. Rd3 f5
28. Bg5+ Kd7 29. Bxg4 f4+ 30. Kf2 Bxg4 31. Nf3 Bxf3 32. Kxf3 Ke6 33. Rhd1 Rb6
34. Rb1 a5 35. Rg1 a4 36. bxa4 Ra8 37. Rb3 Rb4 38. Rxb4 cxb4 39. Rb1 Rxa4 40.
Rb2 Ra3+ 41. Kf2 Re3 42. Rxb4 Rxe4 43. a4 Re3 44. a5 Ra3 45. Rb5 Ra2+ 46. Kf1
Ra4 47. c5 dxc5 48. Rxc5 Ra2 49. Bd8 e4 50. Bg5 e3 51. a6 h4 52. Rc4 h3 53.
Bxf4 Kd5 54. Rc3 g5 55. Rxe3 gxf4 56. Rxh3 1/2-1/2

[Event "BL 9293 Erfurt-Kirchheim"]
[Site "?"]
[Date "1992.??.??"]
[Round "?.1"]
[White "Haba, P."]
[Black "Kuczynski, R."]
[Result "1/2-1/2"]
[WhiteElo "2505"]
[BlackElo "2525"]
[PlyCount "37"]
[EventDate "1992.??.??"]

1. e4 c5 2. Nf3 d6 3. d4 cxd4 4. Nxd4 Nf6 5. Nc3 a6 6. Be2 g6 7. O-O Bg7 8. Bg5
O-O 9. Kh1 Nbd7 10. f4 Qc7 11. Bf3 e5 12. fxe5 dxe5 13. Nb3 Re8 14. Qd2 b5 15.
a4 b4 16. Nd5 Nxd5 17. exd5 Qd6 18. Na5 Nb6 19. Rae1 1/2-1/2